000 00325nam a2200145Ia 4500
003 OSt
008 191201s2003 xx 000 0 und d
082 _a658.3
_bSAH
100 _aSAIYADAIN, Mirza S
245 0 _aHuman Resource Management
260 _aNew Delhi
_bTMH
_c2003
300 _a792
650 _aMBA
942 _2ddc
_cBK
999 _c215
_d215